000 01357cam a2200325 a 4500
999 _c130288
_d130288
001 1163164
003 ARRUPE
005 20200204093504.0
008 961204s1997 ohua b 001 0ceng
010 _a 96029455
020 _a1852851503 (alk. paper)
040 _aDLC
_cDLC
_dDLC
043 _ae-uk-en
_ae-uk---
050 0 0 _aDA565.L87
_bF58 1997
082 0 0 _a942.081/086/21
_221
100 1 _aFletcher, Sheila.
_949326
245 1 0 _aVictorian girls :
_bLord Lyttelton's daughters /
_cSheila Fletcher.
260 _aLondon ;
_aRio Grande, Ohio :
_bHambledon Press,
_c1997.
300 _ax, 249 p. :
_bill. ;
_c24 cm.
504 _aIncludes bibliographical references (p. [227]-241) and index.
600 1 0 _aLyttelton, George William Lyttelton,
_cBaron,
_d1817-1876
_xFamily.
_949327
650 0 _aFathers and daughters
_zEngland
_xHistory
_y19th century.
_949328
650 0 _aFamilies
_zEngland
_xHistory
_y19th century.
_949329
650 0 _aGirls
_zEngland
_xHistory
_y19th century.
_949330
651 0 _aGreat Britain
_xHistory
_yVictoria, 1837-1901
_vBiography.
_949239
651 0 _aEngland
_xSocial life and customs
_y19th century.
_949331
906 _a7
_bcbc
_corignew
_d1
_eocip
_f19
_gy-gencatlg
942 _2lcc
_cMONOGRAPH